| 000 | 00947cab a22002055a 4500 | ||
|---|---|---|---|
| 001 | L154875 | ||
| 008 | 120124e20120121xxk 000 0 eng d | ||
| 035 | _a(Sirsi) u154875 | ||
| 041 | 0 | _aeng | |
| 100 | 1 | _aWhiteson, Jeremy | |
| 245 | 0 | 0 | _aProperty in play |
| 260 | _c2012 | ||
| 490 |
_aEstates Gazette _v(1203) 21 January 2012, 80-82(3) |
||
| 520 | _aLessons to be learned from the Plymouth Argyle Football club administration. Notes how the acquisition of the club from the administrators was complicated by the convoluted regulatory structure of the football world and because valuable property and trading assets were held in the same entity. Discusses how some of the difficulties were addressed in the Plymouth Argyle deal and makes suggestions as to how these issues can be tackled in other cases. | ||
| 590 | _aKA | ||
| 651 | 4 |
_aUnited Kingdom _y |
|
| 690 |
_aInsolvency _96247 |
||
| 690 |
_aProperty management _96262 |
||
| 942 | _n0 | ||
| 999 |
_c83729 _d83729 |
||